| 000 | 00907cam a2200229 4500 | ||
|---|---|---|---|
| 001 | ABS64740 | ||
| 008 | 011102n2001 000 0 eng u | ||
| 035 | _a(Sirsi) u115470 | ||
| 245 | _aAlternative land use | ||
| 260 | _c2001 | ||
| 490 |
_aFarm Development Review _v15(9) July 2001 (LOAN) |
||
| 520 | _aLooks at the progress made by four of the nine Land Management Initiatives (LMIs) launched by the Countryside Agency in 1999. The LMIs were set up to improve social, economic and environmental conditions and support farm diversification. Also includes the following short articles: rabbit farming for meat production; golf update; new organic report. | ||
| 590 | _aABS | ||
| 650 | _aCOUNTRYSIDE AGENCY | ||
| 650 | _aLAND MANAGEMENT | ||
| 650 | _aFARM DIVERSIFICATION | ||
| 650 | _aRABBIT FARMING | ||
| 650 | _aGOLF | ||
| 650 | _aORGANIC FARMING | ||
| 690 |
_aRural _96268 |
||
| 942 | _n0 | ||
| 999 |
_c68776 _d68776 |
||